000 00567nam a2200181 i 4500
001 94402
003 ES-MaACL
005 20230906181452.0
007 t|
008 050429s1961 sp ||||1| spa d
100 1 _aLorenzini, Giacomo.
_974138
245 1 0 _aCaracterología y tipología aplicadas a la educación /
_cGiacomo Lorenzini, S.D.B.; versión española por J. Fabregas Cami.
250 _a3ª ed.
260 _aAlcoy :
_bMarfil,
_c1961.
300 _a284 p. ;
_c21 cm.
700 1 _aFábregas Camí, Juan.
_948558
852 _aES-MaACL
_jC-22022
_bR.50126
999 _c94402
_d94402